000 00223nam a22000857a 4500
008 160701b xxu||||| |||| 00| 0 eng d
100 _91647
_a Gupta, P
245 _aThe Weaver and the Seven Ghosts
260 _aNew delhi
_bM/S Arya
999 _c1366
_d1366